|
|
|
|
| LEADER |
00000nam a2200000 a 4500 |
| 001 |
vtls001419065 |
| 003 |
SK-MaSNL |
| 005 |
20260301072245.0 |
| 008 |
240315s1998 hu ae r y hun |
| 015 |
|
|
|a SNBZSA2001-00402
|
| 020 |
|
|
|a 9633462185
|
| 035 |
|
|
|a SNK000373876
|
| 035 |
|
|
|a urn:nbn:sk:snk-amkn9n
|
| 035 |
|
|
|a urn:nbn:sk:snk-am003u2c
|
| 035 |
|
|
|a 2D79FEA5-B0D0-40D1-B192-EFD0F1B4EE47
|
| 040 |
|
|
|a SNK
|b slo
|c SNK
|e AACR2
|
| 041 |
0 |
|
|a hun
|
| 044 |
|
|
|a HU
|
| 080 |
|
|
|a 808.54(075)=854=945.11
|2 1981
|
| 100 |
1 |
|
|a Davies, Helen
|4 aut
|9 43361
|
| 245 |
1 |
0 |
|a Kezdők szlovák nyelvkönyve
|c Helen Davies, Tóthné Rátz Kornélia ; illusztrálta: John Shackell
|
| 260 |
|
|
|a Budapest
|b Holnap
|c c1998
|
| 300 |
|
|
|a 124 s.
|b fareb. ilustr.
|c 22 cm
|
| 500 |
|
|
|a Preprac. séria Usborne Publishing slov.-maď.
|
| 504 |
|
|
|a Maď.-slov. slovník
|
| 650 |
0 |
7 |
|a slovenčina
|2 SNK
|9 1350
|
| 655 |
|
7 |
|a učebnice
|2 SNK
|9 22521
|
| 700 |
1 |
|
|a Tóthné Rátz, Kornélia
|4 aut
|9 391389
|
| 919 |
|
|
|a 963-346-218-5
|
| 958 |
|
|
|a OND
|
| 958 |
|
|
|a ZS
|
| 958 |
|
|
|a TL
|
| 958 |
|
|
|a HU
|
| 958 |
|
|
|a UX
|
| 999 |
|
|
|c 640486
|d 642416
|
| 952 |
|
|
|t P60, <03>, [BOOK], {603}
|a SNK
|b SNK
|y PREZ
|7 0
|p 17A0318550
|o snkSC 106515
|i snkV 1460/2001
|0 0
|1 0
|4 0
|d 2001-10-31
|f 1
|l 0
|r 2025-09-26 00:00:00
|w 2026-02-23
|